Open Data Biblioteca Nacional de Portugal


República Portuguesa: Ministério da Cultura
Biblioteca Nacional de Portugal

Catálogo da BNP: acesso por Identificadores Unívocos
Registos Bibliográficos associados ao registo de autoridade

Etiqueta de registo: 00000nam 2200025 450
001 2041835
003 http://id.bnportugal.gov.pt/bib/catbnp/2041835
010 ## $a978-989-20-9815-9
021 ## $aPT$b462372/19
100 ## $a20200227d2019 m y0pory01030103ba
101 0# $apor
102 ## $aPT
105 ## $aa z 000gy
106 ## $ar
200 1# $aDe basalto e mar$fLurdes Freitas$gpref. Victor Rui Dores
210 #9 $a[S.l.]$cLurdes Freitas,$d2019
215 ## $a86 p.$cil.$d21 cm
675 ## $a821.134.3-1"20"$vBN$zpor$31023893
700 #1 $aFreitas,$bLurdes,$f1950-$31777805
702 #1 $aDores,$bVíctor Rui$4080$3972297
801 #0 $aPT$bBN$gRPC
856 41 $uhttp://rnod.bnportugal.gov.pt/ImagesBN/winlibimg.aspx?skey=&doc=2041835&img=136299&save=true
900 ## $aBIBNAC$d20200303
966 ## $lBN$mFGMON$sL. 150958 V.$x1
966 ## $lBN$mFGMON$sL. 150958 V.-D$x1

Etiqueta de registo: 00254nam 2200025 450
001 2275661
003 http://id.bnportugal.gov.pt/bib/catbnp/2275661
010 ## $a978-989-33-7784-0
021 ## $aPT$b551873/25
100 ## $a20260304d2025 m y0pory01030103ba
101 0# $apor
102 ## $aPT
105 ## $aa z 000gy
106 ## $ar
200 1# $aOutro canto$fLurdes Freitas$gpref. Victor Rui Dores$gil. Hélder Tavares, Matilde Tavares
210 #9 $a[S.l.]$cLurdes Freitas,$d2025
215 ## $a118 p.$cil.$d21 cm
675 ## $a821.134.3-1"20"$vBN$zpor$31023893
700 #1 $aFreitas,$bLurdes,$f1950-$31777805
702 #1 $aDores,$bVíctor Rui$4080$3972297
702 #1 $92$aTavares,$bHélder$4440$31994951
702 #1 $aTavares,$bMatilde$4440$31988881
801 #0 $aPT$bBN$gRPC
856 41 $uhttp://rnod.bnportugal.gov.pt/ImagesBN/winlibimg.aspx?skey=&doc=2275661&img=220858&save=true
900 ## $aBIBNAC$d20260407
966 ## $lBN$mFGMON$sL. 181198 V.$x1
966 ## $lBN$mFGMON$sL. 181198 V.-D$x1
971 ## $cabrito$d20260304
972 ## $e0$z0$d20260407$vlrevez
973 ## $cmlsousa$d20260327

OpendataBNP@bnportugal.pt | Mais informação sobre acesso aos dados BNP